000 00614nam a2200193 a 4500
001 12497
003 CO-ViMGA
008 141112s2004 ck r 000 u spa d
040 _aCO-ViMGA
_bspa
_cCO-ViMGA
082 0 4 _a796.342 C73e
100 1 _aCrespo, Miguel
_918001
245 1 0 _aEjercicios para mejorar tu tenis :
_bnivel avanzado
260 _aEspaña :
_bGymos,
_c1991
300 _a133p. : il.
590 _aForma de adquisición : COMPRA - - Precio : 20.900 - - Proveedor : TUCIDIDES PEREA - - Fecha de adquisición : 09 - 06 - 2000
650 1 4 _aENSEÑANZA
650 1 4 _aTENIS
_952472
942 _2ddc
_cBK
999 _c23494
_d23494